| 000 | 00759nam a2200241Ia 4500 | ||
|---|---|---|---|
| 005 | 20260430150326.0 | ||
| 008 | 008 250103s9999 xx 000 0 eng d | ||
| 037 | _aTheses | ||
| 040 | _aCRL | ||
| 040 | _beng | ||
| 040 | _ceng | ||
| 041 | _2eng | ||
| 041 | _aeng | ||
| 084 | _qCRL | ||
| 100 |
_aKhungar Lisha Au.; Grover Anil Gu. _91237151 |
||
| 245 | 0 | _aInsights into Function and Regulation of ClpB1/Hsp101 Protein in Arabidopsis thaliana (L.) Heynh, Oryza Sativa (L.) and Solanum Lycopersicum (L.) | |
| 260 | _c2023 | ||
| 300 | _a334 | ||
| 650 | _aBiology; Plants | ||
| 700 |
_aUniversity of Delhi. Faculty of Inter- Disciplinary & Applied Science. Deptt. of Plant Moleculer Biology _91237146 |
||
| 942 | _cTH | ||
| 999 |
_c1849515 _d1849515 |
||